000 01545nam a2200493 i 4500
001 44429
003 KOSZ 005
005 20260417063320.0
008 040309s2004 pl a |001 0 pol
015 _aPB 2004/17105
020 _a8372793794
035 _a991022773589705066
035 _a(PL-WaBN)b16146086-48omnis_nlop
035 _ab16146086
035 _a(OCoLC)749464180
035 _a(PL)b0000001614608
035 _a(EXLNZ-48OMNIS_NETWORK)9910323314305606
040 _aWA N
_cWA N
_dKOSZ 005/HR
041 0 _apol
046 _k2004
080 _a004.434
080 _a004.774
080 _a004.42
080 _a(07)
100 1 _aChłosta, Paweł
_eAutor
245 1 0 _aĆwiczenia z ASP.NET i kolekcje C# /
_cPaweł Chłosta.
260 _aWarszawa :
_b"Mikom",
_c2004.
300 _a226 s. :
_brys., tab. ;
_c24 cm.
336 _2rdacontent
_aTekst
_btxt
337 _2rdamedia
_aBez urządzenia pośredniczącego
_bn
338 _2rdacarrier
_aWolumin
_bnc
380 _aKsiążki
380 _aPublikacje dydaktyczne
388 _a2001-
504 _aBibliogr. s. 221. Indeks.
650 7 _aASP.NET (platforma programistyczna)
_2DBN
650 7 _aC# (język programowania)
_2DBN
655 7 _aPodręcznik
_2DBN
658 _aInformatyka i technologie informacyjne
710 2 _aWydawnictwo Mikom
_4pbl
856 _uhttp://koha.tu.koszalin.pl/cgi-bin/koha/opac-detail.pl?biblionumber=44429
_yKatalog online BPK
942 _2UKD
_cKS
999 _c44429
_d44429